MAASAI MARA UNIVERSITY

LIBRARY CATALOGUE

Contact Us: +254 020 2685356/7 or 0774 057787

Box: 861-20500, NAROK, KENYA

Email: info@mmarau.ac.ke

_Reality Shock Why nurses leave nursing Marlene Kramer (Record no. 13071)

MARC details
000 -LEADER
fixed length control field 00459nam a2200157Ia 4500
008 - FIXED-LENGTH DATA ELEMENTS--GENERAL INFORMATION
fixed length control field 151021s9999 xx 000 0 und d
020 ## - INTERNATIONAL STANDARD BOOK NUMBER
International Standard Book Number 801627419
050 ## - LIBRARY OF CONGRESS CALL NUMBER
Classification number RT 42 .K7 1974
245 ## - TITLE STATEMENT
Title _Reality Shock Why nurses leave nursing Marlene Kramer
260 ## - PUBLICATION, DISTRIBUTION, ETC. (IMPRINT)
Place of publication, distribution, etc. Saint Louis The C.V Mosby company 1974
300 ## - PHYSICAL DESCRIPTION
Extent xi,249p.
500 ## - GENERAL NOTE
General note Includes index.
500 ## - GENERAL NOTE
General note Includes index.
650 ## - SUBJECT ADDED ENTRY--TOPICAL TERM
Topical term or geographic name as entry element _Nursing 1974
980 ## - EQUIVALENCE OR CROSS-REFERENCE-SERIES STATEMENT--PERSONAL NAME/TITLE [LOCAL, CANADA]
Personal name ^d20130507 11:56:41^oanne

No items available.

© 2016 Maasai Mara University.